banner-ar

رسوم التحف التطبيقية المنفذة على الايقونات القبطية فى مصر خلال القرنين 18 - 19 م : (Record no. 66991)

MARC details
000 -الفاتح
حقل البيانات ثابتة الطول 01156nam a2200277 4500
005 - وقت وتاريخ اخر تعامل مع التسجيلة
رقم الضبط 20240530110950.0
008 - عناصر البيانات ثابتة الطول - معلومات عامة
حقل البيانات ثابتة الطول 221212s2022 ua acf f b 000 0 ara d
017 ## - رقم الايداع القانونى
رقم الايداع القانونى 2022/4162
المصدر ( الهيئة المختصة) مصر. دار الكتب
020 ## - الرقم الدولى المعيارى للكتب
الرقم الدولى المعيارى للكتاب 9789776809888
040 ## - مصدر الفهرسة
وكالة الفهرسة الأصلية EG-CaGPL
وكالة النسخ EG-CaGPL
082 04 - رقم تصنيف ديوى العشرى
رقم الطبعة 21
رقم التصنيف 743.9
رقم المادة ق/ع ر
100 0# - المدخل الرئيسى - إسم شخصى
الإسم الشخصى عصام احمد ادم صالح
245 10 - بيان العنوان
العنوان رسوم التحف التطبيقية المنفذة على الايقونات القبطية فى مصر خلال القرنين 18 - 19 م :
بقية العنوان دراسة حضارية فنية /
بيان المسئوليه,etc عصام احمد ادم صالح
250 ## - بيان الطبعة
بيان الطبعة ط.1
260 ## - PUBLICATION, DISTRIBUTION, ETC. (IMPRINT)
تاريخ النشر أو التوزيع 2022.
300 ## - الوصف المادى
التعداد 671 ص. :
تفاصيل ماديه اخرى للوعاء ايض ؛
أبعاد الوعاء 24 سم.
504 ## - تبصرة ببليوجرافية
تبصرة ببليوجرافية,الخ يشتمل على ارجاعات ببليوجرافية
650 07 - المدخل الاضافى بالموضوع-مصطلح موضوعى
مصدر الرأس أو المصطلح qrmak
مصطلح موضوعي الايقونات
650 07 - المدخل الاضافى بالموضوع-مصطلح موضوعى
مصدر الرأس أو المصطلح qrmak
مصطلح موضوعي الايقونات
التقسيم الفرعي العام رسم
650 07 - المدخل الاضافى بالموضوع-مصطلح موضوعى
مصدر الرأس أو المصطلح qrmak
مصطلح موضوعي الفن المسيحى
650 07 - المدخل الاضافى بالموضوع-مصطلح موضوعى
مصدر الرأس أو المصطلح qrmak
مصطلح موضوعي الفن المصرى القديم
651 ## - المدخل الاضافى بالموضوع - اسم جغرافى
مصدر الرأس أو المصطلح qrmak
653 0# - مصطلح تكشيفى غير مقيد
مصطلح غير مقيد الايقونات القبطية - مصر
942 ## - عناصر المدخل الإضافي( كوها)
مصدر التصنيف او مخطط الترفيف Dewey Decimal Classification
Koha [default] item type كتاب
260 ## - PUBLICATION, DISTRIBUTION, ETC. (IMPRINT)
-- القاهرة :
-- المؤسسة الدولية للكناب،
Holdings
حالة التراجع حالة الفقد حالة تلف ليس للاعارة المكان المؤقت الموقع الحالى موقع الترفيف تاريخ الاكتساب اجمالي اﻻعارات رقم الطلب الباركود تاريخ اخر مشاهدة تاريخ تفعيل السعر نوع وعاء كوها
        مكتبة القاهرة الكبرى مكتبة القاهرة الكبرى   12/13/2022   743.9 ق/ع ر 169006 12/13/2022 12/13/2022 كتاب

Powered By

EGPV